LIBRARY & INFORMATION CENTRE, KCAET, TAVANUR

ONLINE PUBLIC ACCESS CATALOGUE (OPAC)

Mitchell`s Elementary Building Construction / (Record no. 3238)

MARC details
000 -LEADER
fixed length control field 00415cam a2200157ua 4500
041 ## - LANGUAGE CODE
Language code of text/sound track or separate title eng
082 ## - DEWEY DECIMAL CLASSIFICATION NUMBER
Classification number 690
Item number MOX/MI
100 ## - MAIN ENTRY--AUTHOR NAME
Personal name Maxley , Raymand .
245 ## - TITLE STATEMENT
Title Mitchell`s Elementary Building Construction /
260 ## - PUBLICATION, DISTRIBUTION, ETC. (IMPRINT)
Place of publication Bombay :
Name of publisher Allied Publishers Pvt Ltd ,
Year of publication 1959.
300 ## - PHYSICAL DESCRIPTION
Number of Pages 376 ; .
942 ## - ADDED ENTRY ELEMENTS (KOHA)
Koha item type Books
Holdings
Withdrawn status Lost status Damaged status Home library Current library Date acquired Full call number Accession Number Koha item type
Withdrawn   Damaged KAUAET KAUAET 07/04/2012 690 802 Books
      KAUAET KAUAET 07/04/2012 690 10704 Books
free website counter